000 00644nam a2200217Ii 4500
003 JO-AjNU
008 230606s9999||||xx |||||||||||||| ||und||
020 _a81-309-0174-9
040 _aJO-AjNU
_beng
_erda
_cJO-AjNU
041 _aeng
050 1 4 _aLC6681.R58 2006
100 3 _a Brent W. Ritchie ,
_eauthor
_93907
245 0 0 _aManaging Educational Tourism
250 _a1 ed
264 3 1 _aNew Delhi:Viva Books Private Limited,2006
300 _a283P
336 _atext
_btxt
_2rdacontent
337 _aunmediated
_bn
_2rdamedia
338 _avolume
_bnc
_2rdacarrier
650 4 _aAspects of tourism- Managing educational tourism
_93908
999 _aE2037
_c2036
_d2036